Początki kodów pocztowych w Polsce - Quiz na mapie - Statystyki

Ogólne statystyki
  • Ten quiz został rozwiązany 21 razy
  • Średni wynik to 9 z 99
Odpowiedzi na mapie
Odpowiedzi zakodowano w zielono-czerwonej skali na mapie do tego quizu, zgodnie z poniższymi procentami.
 
Statystyki odpowiedzi
Odpowiedź % Poprawnych
01
31%
05
31%
00
23%
21
23%
22
23%
80
23%
81
23%
83
23%
98
23%
02
15%
04
15%
10
15%
20
15%
37
15%
61
15%
62
15%
63
15%
66
15%
85
15%
86
15%
95
15%
03
8%
06
8%
09
8%
11
8%
12
8%
13
8%
14
8%
15
8%
16
8%
17
8%
18
8%
19
8%
23
8%
24
8%
25
8%
27
8%
28
8%
29
8%
31
8%
33
8%
34
8%
35
8%
36
8%
38
8%
39
8%
40
8%
41
8%
42
8%
44
8%
45
8%
46
8%
47
8%
48
8%
49
8%
50
8%
51
8%
52
8%
55
8%
56
8%
58
8%
59
8%
60
8%
64
8%
67
8%
68
8%
69
8%
70
8%
71
8%
72
8%
74
8%
75
8%
76
8%
77
8%
82
8%
84
8%
87
8%
88
8%
89
8%
90
8%
91
8%
92
8%
93
8%
94
8%
97
8%
99
8%
07
0%
08
0%
26
0%
30
0%
32
0%
43
0%
53
0%
54
0%
57
0%
65
0%
73
0%
78
0%
96
0%
Nie znaleziono quizów pasujących do podanych kryteriów
Rozkład punktacji
Procent ludzi z każdym wynikiem
Percentyl według liczby udzielonych odpowiedzi
Twoja historia wyników
Nie rozwiązałeś tego quizu